Music Quiz

Random Music or Song Quiz

Top 10 Hits of 2010 Quiz Stats

 Plays Quiz Updated Sep 27, 2018

Score 0/60 Timer 10:00
5 Plays Today
Artist Song Title % Correct
Ke$haTiK ToK
82.1%
Katy Perry ft. Snoop DoggCalifornia Gurls
65.3%
Justin Bieber ft. LudacrisBaby
61.9%
B.o.B. ft. Hayley Williams of ParamoreAirplanes
60.6%
Eminem ft. RihannaLove the Way You Lie
58.8%
Lady Gaga ft. BeyoncéTelephone
58.4%
TrainHey, Soul Sister
56.8%
Cee Lo GreenF**k You
55.9%
IyazReplay
53.1%
La RouxBulletproof
51%
Travie McCoy ft. Bruno MarsBillionaire
50.1%
Katy PerryTeenage Dream
47.8%
Glee CastTeenage Dream
47.8%
Katy PerryFirework
47.3%
Mike PosnerCooler Than Me
47.1%
Taio CruzDynamite
45.6%
Bruno MarsJust the Way You Are
43.9%
Lady AntebellumNeed You Now
42.2%
Far East Movement ft. Cataracs & DevLike a G6
41.2%
Usher ft. will.i.amOMG
39.4%
3OH!3 ft. Ke$haMy First Kiss
39.4%
Enrique Iglesias ft. PitbullI Like It
35.5%
Ke$haWe R Who We R
35.3%
Jason DeruloIn My Head
35.2%
Rihanna ft. DrakeWhat's My Name?
35.1%
P!nkRaise Your Glass
34.6%
Taylor SwiftMine
34.6%
Ke$haYour Love Is My Drug
34.1%
NellyJust a Dream
33.2%
EminemNot Afraid
31.4%
Artist Song Title % Correct
B.o.B. ft. Bruno MarsNothin' on You
31%
Ke$ha ft. 3OH!3Blah Blah Blah
31%
Taio Cruz ft. LudacrisBreak Your Heart
30.8%
Trey Songz ft. Nicki MinajBottoms Up
30.2%
David Guetta ft. AkonSexy Chick
30%
RihannaOnly Girl (In the World)
29.4%
Black Eyed PeasThe Time (Dirty Bit)
29.3%
Jason DeruloRidin' Solo
28.8%
B.o.B ft. Rivers CuomoMagic
27.5%
Lady GagaAlejandro
27.1%
Young Money & LloydBedRock
27.1%
RihannaRude Boy
26.4%
Adam LambertWhataya Want from Me
24.9%
Usher ft. PitbullDJ Got Us Fallin' in Love
23.8%
Miley CyrusCan't Be Tamed
22.7%
Black Eyed PeasImma Be
22.7%
Ke$haTake It Off
22.6%
Artists for HaitiWe Are the World 25 for Haiti
21.1%
Flo Rida ft. David GuettaClub Can't Handle Me
21.1%
Taylor SwiftBack to December
20.9%
Jay Sean ft. Sean Paul & Lil JonDo You Remember
19.8%
Rihanna ft. Young JeezyHard
18.3%
Jay-Z ft. Mr. HudsonYoung Forever
17.4%
DrakeFind Your Love
12.5%
LudacrisHow Low
11.6%
Taylor SwiftSpeak Now
11.4%
Trey SongzSay Aah
10.1%
Black Eyed PeasRock That Body
9.7%
Lil Wayne ft. DrakeRight Above It
9.1%
Taylor SwiftToday Was a Fairytale
7.9%

You're not logged in!

Compare scores with friends on all Sporcle quizzes.
OR
Log In

Sporcle TV

Today on Sporcle TV


Watch our educational content, quiz creation guides, and fun videos on Sporcle TV.

Show Comments

Extras

Top Quizzes Today


Score Distribution

Your Account Isn't Verified!

In order to create a playlist on Sporcle, you need to verify the email address you used during registration. Go to your Sporcle Settings to finish the process.

Report this User

Report this user for behavior that violates our Community Guidelines.

Details: